000 00506nam a2200181Ia 4500
003 OSt
005 20200212124901.0
008 190216s9999||||xx |||||||||||||| ||und||
040 _coclc
082 _a920
_bRAN/T
100 _aRandathani, Husain
_91881
245 0 _aTigreesinte Puthri /
_cHusain Randathani
250 _a4th ed.
260 _bPoomkavanam Books Publishers,
_c2009.
_aCalicut:
300 _a104p
650 _xHistory
942 _cBK
_2ddc
_h920
_iRAN/T
_k920
_mRAN/T
999 _c22245
_d22245